| 000 | 00882nam a2200241 i 4500 | ||
|---|---|---|---|
| 003 | SA-RiAUC | ||
| 005 | 20241119133747.0 | ||
| 008 | 241117s1984____su g 00000 ara c | ||
| 040 |
_aSA-RiKAPL _bara _cSA-RiAUC _erda |
||
| 082 | 0 | 4 |
_a257.5 _qSA-RiAUC |
| 090 |
_a257.5 _bل ح ي |
||
| 100 | 1 |
_aاللحيدان، صالح بن سعد، _d1372 هجري- _eمؤلف. |
|
| 245 | 1 | 0 |
_aحال المتهم في مجلس القضاء / _cصالح اللحيدان. |
| 250 | _aالطبعة الأولى. | ||
| 264 | 1 |
_aالرياض : _bمسافي للنشر والتوزيع، _c1984 |
|
| 300 |
_a133 صفحة ؛ _c24 سم |
||
| 336 |
_aنص _btxt _2rdacontent _3كتاب |
||
| 337 |
_aبدون وسيط _bn _2rdamedia |
||
| 338 |
_aمجلد _bnc _2rdacarrier |
||
| 650 | 7 |
_aالقضاء في الإسلام _2aucsh |
|
| 942 |
_2ddc _cBOOK _n0 |
||
| 949 |
_aSA-JeALM _d241117 _umohamedma123 _n1 |
||
| 999 |
_c2523 _d2523 |
||